000 00614nam a22002057a 4500
999 _c11716
_d11716
003 AR-CdUCM
008 190404b ||||| |||| 00| 0 spa d
040 _aMUNICIPALIDAD PROVINCIAL DEL CUSCO
_cBIBLIOTECA MUNICIPAL DEL CUSCO
082 _a869.56 /
_bF65 / 1972
100 _aFlorez Aybar, Jorge
_9338
245 _aOración Prohibida :
_bPoemarios /
260 _aPuno :
_bLos Andes,
_c1972.
300 _a11 páginas ;
_c29 cm.
505 _aContenido: Poemas.
650 _aLiteratura Peruana
_9132
650 _aSiglo XX
_98
650 _aPoemas
_943906
942 _2ddc
_cLIBROS
945 _aachl
_d2019-04-04